sanat - lightskinboy - turisti feat sexmane - Statistics

General Stats
  • This quiz has been taken 60 times
    55 since last reset
  • The average score is 124 of 215
Answer Stats
Hint Answer % Correct
85%
lightskin
83%
ni**a
80%
tykkää
80%
en
78%
et
78%
lightskinboy
78%
niinku
78%
on
78%
raha
78%
ku
75%
ne
75%
emmä
73%
huulii
70%
joka
70%
nyt
70%
oon
70%
pääl
70%
puren
70%
se
70%
tää
70%
dark
68%
huudella
68%
kysyy
68%
silti
68%
mist
65%
mut
65%
vihdoi
65%
ja
63%
noi
63%
rahapinkkoi
63%
voitti
63%
kaikki
60%
nää
60%
palkitaan
60%
Turre
60%
Emman
58%
hintoi
58%
kato
58%
mulle
58%
näyttää
58%
paiskin
58%
pankkia
58%
rintoi
58%
takan
58%
tiedän
58%
töitä
58%
tytöt
58%
eka
55%
ensimmäinen
55%
kaa
55%
kauppaa
55%
lightskini
55%
olla
55%
palkinnon
55%
shoutout
55%
sielt
55%
tai
55%
tän
55%
edest
53%
kirjanpitäjä
53%
lightskinit
53%
meen
53%
minkää
53%
mun
53%
taidan
53%
Turren
53%
vankilaan
53%
voittaa
53%
joutunu
50%
siit
50%
teistä
50%
tiel
50%
tumma
50%
turha
50%
ei
48%
kännykkä
48%
keikal
48%
niidenki
48%
niille
48%
päivää
48%
rahaa
48%
rap-gamest
48%
rikkonu
48%
salee
48%
tääl
48%
tehny
48%
tekee
48%
vaalee
48%
valehella
48%
Venla
48%
viimestä
48%
janoo
45%
ketään
45%
meit
45%
mua
45%
palo
45%
puolet
45%
sano
45%
seuraavaks
45%
sydämii
45%
syntyy
45%
täst
45%
auringonvaloo
43%
aurinkoo
43%
enne
43%
koodii
43%
loma
43%
mitä
43%
näin
43%
otti
43%
tehään
43%
vastaan
43%
vihdoin
43%
kelvannu
40%
kersan
40%
whiteboy
40%
wien
40%
bien
38%
darkskinit
38%
häissä
38%
jvg
38%
kouras
38%
kuulumisii
38%
pikku
38%
todo
38%
tuplaplatinaa
38%
venaa
38%
pukuu
35%
sanoo
35%
väistää
35%
kädes
33%
indienä
30%
kohdekaupunki
30%
punapohjat
30%
jalas
28%
päissää
28%
toises
28%
vallankumous
28%
veres
28%
iha
23%
henny
20%
yeah
18%
ain
15%
okei
8%
cup
3%
No matching quizzes found
Score Distribution
Percent of People with Each Score
Percentile by Number Answered
Your Score History
You have not taken this quiz since the last reset